000 01619cam a22003373a 4500
001 0000722
003 DO-SdBNP
005 20171109124625.0
007 0000722
008 861112 2009 ag ac 000 0 spa d
010 _a
020 _a9789507715723
040 _aBPMSU
_cspa
_dBPMSU
_d
082 _a580
_bG943v
245 1 0 _aGuía visual del mundo vegetal /
_cAdriana Cuenca ; ilustraciones Luis Nuñez, Luis Retta
260 0 _aBuenos Aires, Argentina :
_bCultural Librera Americana,
_c2009.
300 _a64 p. :
_bil., retrato
_c39 cm.
500 _aIncluye glosario.
505 2 _tEl reino de las plantas --
_tLa diversidad vegetal --
_gPlantas con semillas :
_tUn mundo complejo --
_tLas angiospermas --
_tLas gimnospermas --
_tLa raíz --
_tEl tallo --
_tLas hojas --
_tLas flores --
_tLas inflorescencias --
_tLas semillas --
_tLos frutos --
_tLos árboles --
_tLos árboles gigantes --
_tLas plantas carnívoras --
_gPlantas sin semillas :
_tLos helechos y las hepáticas --
_gOtros reinos --
_tLas algas y los musgos --
_tLos hongos y los líquenes --
_gProcesos vitales --
_tLos procesos de los vegetales --
_tLos tropismos --
_tLas plantas y el medio --
_tEcosistemas terrestres --
_tEcosistemas acuáticos --
_tLos cultivos y la economía --
_tGlosario --
600 0 0 _a
_x
650 4 _aBOTÁNICA
650 4 _aDIVERSIDAD BIOLÓGICA
650 4 _aANATOMÍA VEGETAL
650 4 _aTAXOMÍA VEGETAL
700 1 2 _aCuenca, Adriana
_eredacción
700 1 2 _aNuñez, Luis
_eil.
700 1 2 _aRetta, Luis
_eil.
942 _2ddc
_cBK
945 _aInventariado extranjero / 2017 VM
956 _2YLOCKWARD
_310
_8BPMSU
999 _c11572
_d11572